000 00664nam a2200241Ia 4500
003 OSt
005 20220925220634.0
006 a|||||r|||| 00| 0
007 ta
008 220923b |||||||| |||| 00| 0 eng d
037 _cGeneral Book
040 _aRTL
_cRTL
_beng
041 _2eng
_aeng
082 _aU298, M0
100 _aSack Robert David
_9236562
245 0 _aConceptions of space in social thought
_b A geograph
260 _aLondon
_bMacmillan
_c1980
300 _a231p
_ccm.
490 _aCritical Human Geography
650 _aClimate
942 _hU298, M0
_cGB
_2CC
999 _c571986
_d571986